| 000 | 00713nam a22002297a 4500 | ||
|---|---|---|---|
| 008 | 130821s1936 gw gr ger | ||
| 040 |
_aCo-BoUCM _bspa |
||
| 041 | 0 | 0 | _ager |
| 245 | 0 | 0 | _aBreviarium Romanum |
| 250 | _a4a. ed. | ||
| 260 |
_aRatisbona (Baviera, Alemania) _bSumptius typis Friderici pusted _c1936 |
||
| 300 | _a1 volumen | ||
| 650 | 0 | 4 |
_aBreviarios _zRoma _910214 |
| 650 | 0 | 4 |
_aDevocionarios _913119 |
| 650 | 0 | 4 |
_aDevocionarios _zRoma _913119 |
| 650 | 0 | 4 |
_aOficio divino _920713 |
| 650 | 0 | 4 |
_aOficio divino _zRoma _920713 |
| 650 | 0 | 4 |
_aOración _920789 |
| 650 | 0 | 4 |
_aOración _zRoma _920789 |
| 651 |
_aRoma (Italia) _927287 |
||
| 942 |
_cLIBRO _a4 _e4 _mB739I _n0 _2DEWEY _h264.027376 |
||
| 999 |
_c86858 _d86858 |
||